000 00422nam a22001697a 4500
999 _c11733
_d11733
003 OSt
008 230124b ||||| |||| 00| 0 eng d
020 _a9788126578078
082 _a658.872 SIS
100 _aBHATIA,Puneet Singh
245 _aSocial Media and Mobile Marketing
250 _aEd
260 _aNew Delhi
_bWiley
_c2020
300 _a244
650 _aSocial Media and Mobile Marketing
942 _2ddc
_cREF